000 02312nam0a22003731 4500
001 rc\2877037
005 20260406105756.0
035 _a(NLR Aleph) 007030090
090 _a5994629
_c5994629
100 _a20110717d1927 |||y0rusy50 ca
101 1 _arus
102 _aRU
105 _aach z |||||
200 1 _aАнатомическое исследование о движении сердца и крови у животных
_fПер. и примеч. К.М. Быкова
_gС предисл. академика И.П. Павлова
210 _aМосква
_aЛенинград
_cГос. изд-во
_d1927
_e[Москва]
_g1-я Образцовая тип.
215 _aX, 113 с., [2] вкл. л. портр. и ил., [2] с. объявл.
_cфакс., портр., ил.
_d23х16 см
225 1 _aКлассики естествознания
_fПод общ. ред. А.Д. Архангельского, В.Ф. Кагана, Н.К. Кольцова ...
_vКн. 16
300 _aФронтиспис: факсимиле тит. листа издания: Lugduni Batavorum, Apud Johannem van Kerckhem. 1737
300 _aДополнение: "О жизни и трудах Вильяма Гарвея"
320 _aБиблиогр.: указания использованной литературы в "Послесловии" (17 названий)
421 0 _12001#$aО жизни и трудах Вильяма Гарвея
_1600#1$aГарвей$bВ.$gВильям$2PSBO
_tО жизни и трудах Вильяма Гарвея
700 1 _aГарвей
_bУ.
_f1578-1657
_gУильям
702 1 _aБыков
_bК.М.
_4730
702 1 _4080
_8rus
_7ca
_aПавлов
_bИ. П.
_cфизиолог
_f1849-1936
_gИван Петрович
_3RU\NLR\AUTH\7764869
_947798
702 1 _aАрхангельский
_bА.Д.
_4340
702 1 _4340
_8rus
_7ca
_aКаган
_bВ. Ф.
_cматематик
_f1869-1953
_gВениамин Федорович
_3RU\NLR\AUTH\77103153
_986079
702 1 _4340
_7ca
_8rus
_aКольцов
_bН. К.
_f1872-1940
_gНиколай Константинович
_9266954
_3RU\NLR\AUTH\770267010
801 0 _aRU
_bNLR
_gpsbo
801 1 _aRU
_bELAR
_2rusmarc
852 _aNLR
_j38.3.8.17(16)
852 _aNLR
_j130/2224(16)
942 _cBOOK
980 _aNB